| Tag |
First Indicator |
Second Indicator |
Subfields |
| LEADER |
00000cam a2200000 a 4500 |
| 001 |
in00001503313 |
| 005 |
20151021083910.0 |
| 008 |
980219s1999 nyu b 001 0 eng |
| 010 |
|
|
|a 98005993
|
| 020 |
|
|
|a 0415919460 (alk. paper)
|
| 020 |
|
|
|a 0415919479 (pbk. : alk. paper)
|
| 035 |
|
|
|a (OCoLC)38732033
|
| 035 |
|
|
|9 AJJ6240AM
|
| 040 |
|
|
|a DLC
|c DLC
|d TXA
|d UtOrBLW
|
| 043 |
|
|
|a n-us---
|
| 049 |
|
|
|a TXAM
|
| 050 |
0 |
0 |
|a PN1995
|b .H65 1999
|
| 082 |
0 |
0 |
|a 791.43/01/5
|2 21
|
| 245 |
0 |
0 |
|a Home, exile, homeland :
|b film, media, and the politics of place /
|c edited by Hamid Naficy.
|
| 264 |
|
1 |
|a New York :
|b Routledge,
|c 1999.
|
| 300 |
|
|
|a xii, 248 pages ;
|c 24 cm.
|
| 336 |
|
|
|a text
|b txt
|2 rdacontent
|
| 337 |
|
|
|a unmediated
|b n
|2 rdamedia
|
| 338 |
|
|
|a volume
|b nc
|2 rdacarrier
|
| 504 |
|
|
|a Includes bibliographical references and index.
|
| 650 |
|
0 |
|a Motion pictures
|x Philosophy.
|
| 650 |
|
0 |
|a Motion pictures
|x Social aspects.
|
| 650 |
|
0 |
|a Immigrants.
|
| 650 |
|
0 |
|a Exiles.
|
| 650 |
|
0 |
|a Motion pictures
|z United States
|x Foreign influences.
|
| 700 |
1 |
|
|a Naficy, Hamid.
|
| 948 |
|
|
|a c:jal
|
| 999 |
|
|
|a MARS
|
| 999 |
f |
f |
|s 9a8e2014-e462-3577-9081-1bc7b74a3652
|i 4c1710ef-ed37-3dbb-a32f-746c31f25234
|t 0
|
| 952 |
f |
f |
|p normal
|a Texas A&M University
|b College Station
|c Sterling C. Evans Library
|d Evans: Library Stacks
|t 0
|e PN1995 .H65 1999
|h Library of Congress classification
|i unmediated -- volume
|m A14825117722
|
| 998 |
f |
f |
|a PN1995 .H65 1999
|t 0
|l Evans: Library Stacks
|